[Event "Windsor NAYCC U12"]
[Site "Windsor"]
[Date "2016.08.11"]
[Round "9.110"]
[White "Bhanji, Areez"]
[Black "Cyrenne, Cole"]
[Result "1-0"]
[WhiteElo "1135"]
[BlackElo "922"]
[PlyCount "77"]
[EventDate "2016.08.07"]
[EventType "swiss"]
[EventRounds "9"]
[EventCountry "CAN"]
[SourceTitle "EXT 2022"]
[Source "ChessBase"]
[SourceDate "2021.10.06"]
[SourceVersion "1"]
[SourceVersionDate "2021.10.06"]
[SourceQuality "1"]

1. e4 c5 2. Nc3 Nc6 3. f4 d6 4. Nf3 g6 5. Bb5 Bd7 6. Bxc6 Bxc6 7. d3 Bg7 8. 0-0 e6 9. Qe1 Nf6 10. h3 0-0 11. Ne2 b5 12. g4 d5 13. Ng3 c4 14. f5 Qb6+ 15. Be3 Qc7 16. Ng5 dxe4 17. dxe4 Qe5 18. c3 Nxe4 19. N5xe4 Bxe4 20. Bd4 Qd5 21. Qxe4 Bxd4+ 22. Qxd4 Qc6 23. f6 Rfd8 24. Qf4 Rd7 25. Qh6 Qc5+ 26. Rf2 Qf8 27. Qxf8+ Kxf8 28. Rff1 Rd2 29. Rab1 a5 30. Rfd1 Rc2 31. Ne4 b4 32. Rd2 Rxd2 33. Nxd2 Rc8 34. Rc1 e5 35. cxb4 axb4 36. Rxc4 Rd8 37. Rxb4 Rxd2 38. Rb8+ Rd8 39. Rxd8# 1-0

[Event "Windsor NAYCC U12"]
[Site "Windsor"]
[Date "2016.08.08"]
[Round "2.106"]
[White "Yeung, Wesley"]
[Black "Bhanji, Areez"]
[Result "1-0"]
[WhiteElo "1515"]
[BlackElo "1135"]
[PlyCount "111"]
[EventDate "2016.08.07"]
[EventType "swiss"]
[EventRounds "9"]
[EventCountry "CAN"]
[SourceTitle "EXT 2022"]
[Source "ChessBase"]
[SourceDate "2021.10.06"]
[SourceVersion "1"]
[SourceVersionDate "2021.10.06"]
[SourceQuality "1"]

1. e4 c5 2. Nf3 g6 3. d4 cxd4 4. Qxd4 Nf6 5. Nc3 Nc6 6. Qa4 Bg7 7. e5 Ng8 8. Bf4 Nh6 9. h3 Nf5 10. g4 Nh6 11. Nd5 0-0 12. 0-0-0 e6 13. Bg5 Qa5 14. Qxa5 Nxa5 15. Nc7 Rb8 16. Be7 a6 17. Bxf8 Kxf8 18. Bg2 Nc6 19. Rhe1 Ng8 20. c4 h6 21. Re4 Ke7 22. Nd4 Nxe5 23. f4 Nc6 24. Nd5+ Kf8 25. Nxc6 bxc6 26. Nc3 Nf6 27. Re2 Ng8 28. f5 Ke7 29. Kc2 Nf6 30. Bf3 Ng8 31. b3 Nf6 32. h4 Nh7 33. Rg1 g5 34. h5 Nf6 35. Rge1 Nh7 36. Na4 Nf8 37. Nc5 Bd4 38. Ne4 Bg7 39. Kd3 Be5 40. Nxg5 Bg7 41. Nh3 Bf6 42. Rf1 Bg7 43. Ref2 f6 44. Re1 Bh8 45. Ref1 Bg7 46. Re1 Bh8 47. Nf4 Bg7 48. fxe6 dxe6 49. Bxc6 Rb6 50. Nd5+ Kd6 51. Nxb6 Kxc6 52. Nxc8 Kc7 53. Ne7 Kd7 54. Ng6 Nxg6 55. hxg6 e5 56. Rxe5 1-0

[Event "Toronto NAYCC U08"]
[Site "Toronto"]
[Date "2013.08.16"]
[Round "5"]
[White "Bhanji, Areez"]
[Black "Whittingham, Dieter"]
[Result "1/2-1/2"]
[WhiteElo "204"]
[BlackElo "625"]
[PlyCount "132"]
[EventDate "2013.08.14"]
[EventType "swiss"]
[EventRounds "9"]
[EventCountry "CAN"]
[SourceTitle "EXT 2022"]
[Source "ChessBase"]
[SourceDate "2021.10.06"]
[SourceVersion "1"]
[SourceVersionDate "2021.10.06"]
[SourceQuality "1"]

1. e4 c5 2. Nf3 d6 3. Bb5+ Bd7 4. Bxd7+ Nxd7 5. 0-0 Qc7 6. d3 Ngf6 7. Bg5 h6 8. Bxf6 gxf6 9. Nc3 Qc6 10. Nd5 e6 11. Nc3 h5 12. d4 d5 13. exd5 exd5 14. dxc5 Rg8 15. Nxd5 0-0-0 16. Re1 Nxc5 17. c4 Qd7 18. Rc1 Qh3 19. g3 Ne6 20. Rc3 Nf4 21. Nxf4 Rxd1 22. Nxh3 Rxe1+ 23. Nxe1 Bb4 24. Rc1 Bd2 25. Rd1 Bg5 26. Nxg5 fxg5 27. Rd5 b6 28. Nf3 g4 29. Ne5 Re8 30. Nxf7 Re1+ 31. Kg2 Ra1 32. Rd8+ Kc7 33. Re8 Rxa2 34. Re7+ Kc6 35. Ne5+ Kc5 36. Re6 Rxb2 37. Rc6+ Kd4 38. Ng6 a5 39. Rc7 a4 40. Ra7 Ra2 41. Rd7+ Kxc4 42. Ne5+ Kc3 43. Rd3+ Kc2 44. f4 gxf3+ 45. Kxf3 b5 46. Re3 b4 47. Nc6 Rb2 48. Nd4+ Kd1 49. Nb5 Rxh2 50. Nc3+ Kc2 51. Ne4 a3 52. Nc5 a2 53. Nb3 Rd2 54. Ke4 Kd1 55. Kf4 Rf2+ 56. Ke4 Re2 57. Rxe2 Kxe2 58. Nc1+ Kf2 59. Nxa2 Kxg3 60. Nxb4 h4 61. Ke3 h3 62. Nd3 Kg2 63. Nf2 h2 64. Ke2 Kg1 65. Ke1 h1Q 66. Nxh1 Kxh1 1/2-1/2

[Event "Toronto NAYCC U08"]
[Site "Toronto"]
[Date "2013.08.15"]
[Round "3"]
[White "Guo, Roger"]
[Black "Bhanji, Areez"]
[Result "1-0"]
[WhiteElo "636"]
[BlackElo "204"]
[PlyCount "33"]
[EventDate "2013.08.14"]
[EventType "swiss"]
[EventRounds "9"]
[EventCountry "CAN"]
[SourceTitle "EXT 2022"]
[Source "ChessBase"]
[SourceDate "2021.10.06"]
[SourceVersion "1"]
[SourceVersionDate "2021.10.06"]
[SourceQuality "1"]

1. e4 e5 2. Nf3 Nc6 3. Nc3 Nf6 4. Bc4 d6 5. 0-0 Be7 6. d3 0-0 7. Ne2 Bg4 8. Ng3 Bxf3 9. Qxf3 Nb4 10. c3 Nc2 11. Rb1 d5 12. exd5 b5 13. Bb3 a6 14. Bxc2 Nxd5 15. d4 Rc8 16. Qd3 c5 17. Qxh7# 1-0